Chuan zhu (Chinese) : shi shang pian

Bibliographic Details
Main Author: Aying
Format: Book
Published: Changsha : Hunan mei shu chu ban she , 2007
Series:Shuo gang fang mei hua sheng huo qing qu diy xilie
Subjects:

MARC

LEADER 00000cam a2200000 7i4500
001 0000022788
005 20080806.0
008 080806
020 |a RM19.60 
090 0 0 |a 745.582   |b AYI 
100 1 |a Aying 
245 1 0 |a Chuan zhu (Chinese) :   |b shi shang pian   |c Aying bian zhu 
260 |a Changsha :   |b Hunan mei shu chu ban she ,   |c 2007 
440 |a Shuo gang fang mei hua sheng huo qing qu diy xilie 
650 0 |a Beadwork 
650 0 |a Handicraft 
999 |a 0001031197   |b Book   |c Chinese Collection   |e Perbadanan Perpustakaan Awam Johor